00442 2200169 4500001002100000005001500021035002000036007000300056008004100059020002200100082001100122084001700133100002200150245003200172260003100204300003700235INLIS00000000000032420260115015427 a0010-0126000017ta260115 0 ind  a978-623-522-915-7 a658.84 a658.84 PUS d0 aPuspitasari, devi1 aDigital Operation Kelas XII aJakarta :bErlangga,c2025 aviii + 236 hlm. ;c17,5 x 25 cm.